Guess 1 NFL Player on Each Team - Statistics

General Stats
  • This quiz has been taken 87 times
  • The average score is 16 of 32
Answer Stats
Team Pos. # Answer % Correct
Falcons TE 8 Kyle Pitts
87%
Packers QB 10 Jordan Love
81%
Cowboys RB 20 Tony Pollard
72%
Chargers DE 97 Joey Bosa
71%
Bears WR 11 Darnell Mooney
69%
Cardinals WR 13 Christian Kirk
67%
Browns TE 85 David Njoku
61%
Patriots TE 85 Hunter Henry
61%
Eagles DT 91 Fletcher Cox
59%
Rams WR 12 Van Jefferson
56%
Broncos DE 55 Bradley Chubb
55%
Ravens LB 6 Patrick Queen
55%
Washington QB 4 Taylor Heinicke
55%
Jaguars LB 41 Josh Allen
52%
Chiefs WR 11 Demarcus Robinson
51%
Giants CB 24 James Bradberry
51%
Dolphins CB 24 Byron Jones
49%
Bengals DE 91 Trey Hendrickson
48%
Bills RB 20 Zach Moss
48%
Bucs S 31 Antoine Winfield Jr.
47%
Raiders QB 8 Marcus Mariota
47%
Lions OT 58 Penei Sewell
44%
Colts K 3 Rodrigo Blankenship
43%
Panthers DT 95 Derrick Brown
41%
Vikings LB 55 Anthony Barr
40%
Steelers CB 23 Joe Haden
39%
Saints WR 1 Marquez Callaway
33%
Seahawks TE 81 Gerald Everett
32%
Titans DE 98 Jeffery Simmons
31%
Jets OT 77 Mekhi Becton
29%
49ers DE 55 Dee Ford
23%
Texans LB 58 Christian Kirksey
17%
No matching quizzes found
Score Distribution
Percent of People with Each Score
Percentile by Number Answered
Your Score History
You have not taken this quiz